000 00739nam a2200253Ia 4500
003 OSt
005 20221005073052.0
006 a|||||r|||| 00| 0
007 ta
008 221004b |||||||| |||| 00| 0 urd d
020 _a8181720474
_c300
024 _a20333
037 _b4429, 28/03/2015, Kitabi Duniya
_cTextual
040 _aCRL
_cCRL
_burd
041 _2urd
_aurd
082 _aO168,1L97:g, Q1
100 _aMozzam Anwar
_9607684
245 0 _aGhalib ki fikri wabastagiyan
260 _aNew Delhi
_bGhalib Institute India
_c2011
300 _a346p.
_ccm.
650 _aURDU POETRY
942 _hO168,1L97:g, Q1
_cTEXL
_2cc
999 _c980472
_d980472